00491nam a22001697a 450000500170000001000150001702000260003203500130005803700130007108200120008410000170009624500720011326000390018527000480022430000290027270000200030120151023164948.0 aENG-114024 c120.00a9788183335560 aEN-97556 bDBAD/PUB a006.686 aJain, Satish aPhotoshop CS6 trainning guide /cby Satish Jain [and] M.Geetha Iyer aNew DelhibBPB Publicationsc2015  aB-14, Connaught Place, bNew Delhie 110001 a259p. :c22cm(pbk)bill. aIyer, M. Geetha